00303nam a2200121Ia 45000030006000000080041000060400015000471000023000622450030000852600037001155460012001520050017001640STCL150530s9999 xx 000 0 und d aSTCLcSTCL aJohn Broadbent; Ed aJone Milton introductions bCambridge university pressc1973 aEnglish20220125170857.0